[Event "417 Stay Safe Play From Home series"]
[Site "Emanuel Lasker Arena"]
[Date "2020.08.28"]
[Round "9"]
[White "Lazieri3"]
[Black "Klasman"]
[Result "1-0"]
[WhiteElo "2069"]
[BlackElo "1282"]
[Annotator "NA"]
[PlyCount "57"]
[EventDate "2020.08.28"]
[EventType "swiss (blitz)"]

1. e4 {[%emt 0:00:01]} f5 {[%emt 0:00:01]} 2. Nc3 {[%emt 0:00:00]} fxe4 {[%emt 0:00:01]} 3. Nxe4 {[%emt 0:00:00]} d5 {[%emt 0:00:03]} 4. Nc3 {[%emt 0:00:01]} Nf6 {[%emt 0:00:04]} 5. d4 {[%emt 0:00:00]} Nc6 {[%emt 0:00:02]} 6. Nf3 {[%emt 0:00:01]} Bg4 {[%emt 0:00:02]} 7. Bf4 {[%emt 0:00:01]} h6 {[%emt 0:00:02]} 8. Be2 {[%emt 0:00:01]} g5 {[%emt 0:00:01]} 9. Be5 {[%emt 0:00:01]} Nxe5 {[%emt 0:00:02]} 10. Nxe5 {[%emt 0:00:00]} Bxe2 {[%emt 0:00:03]} 11. Qxe2 {[%emt 0:00:02]} Bg7 {[%emt 0:00:02]} 12. O-O-O {[%emt 0:00:03]} O-O {[%emt 0:00:01]} 13. h4 {[%emt 0:00:02]} g4 {[%emt 0:00:02]} 14. f3 {[%emt 0:00:04]} gxf3 {[%emt 0:00:02]} 15. gxf3 {[%emt 0:00:01]} Nh5 {[%emt 0:00:03]} 16. Rhg1 {[%emt 0:00:04]} Qd6 {[%emt 0:00:04]} 17. Rg6 {[%emt 0:00:02]} Qxg6 {[%emt 0:00:04]} 18. Nxg6 {[%emt 0:00:01]} Rf6 {[%emt 0:00:01]} 19. Nxe7+ {[%emt 0:00:02]} Kf7 {[%emt 0:00:01]} 20. Nexd5 {[%emt 0:00:00]} Re8 {[%emt 0:00:02]} 21. Qxe8+ {[%emt 0:00:03]} Kxe8 {[%emt 0:00:02]} 22. Nxf6+ {[%emt 0:00:00]} Bxf6 {[%emt 0:00:01]} 23. Nd5 {[%emt 0:00:03]} Bg7 {[%emt 0:00:04]} 24. Nxc7+ {[%emt 0:00:02]} Kd7 {[%emt 0:00:01]} 25. Nb5 {[%emt 0:00:01]} a6 {[%emt 0:00:02]} 26. Nc3 {[%emt 0:00:01]} Nf4 {[%emt 0:00:02]} 27. Ne4 {[%emt 0:00:01]} Ne2+ {[%emt 0:00:02]} 28. Kb1 {[%emt 0:00:01]} Nxd4 {[%emt 0:00:01]} 29. c3 {[%emt 0:00:00] Time Time Time (Lag: Av=0.58s, max=1.2s) (Lag: Av=0.58s, max=1.2s) (Lag: Av=0.58s, max=1.2s)} 1-0

[Event "417 Stay Safe Play From Home series"]
[Site "Emanuel Lasker Arena"]
[Date "2020.08.28"]
[Round "9"]
[White "TheCHESSHOUSE"]
[Black "KING o KONG"]
[Result "1-0"]
[WhiteElo "2033"]
[BlackElo "943"]
[Annotator "NA"]
[PlyCount "43"]
[EventDate "2020.08.28"]
[EventType "swiss (blitz)"]

1. d4 {[%emt 0:00:02]} d6 {[%emt 0:00:02]} 2. c4 {[%emt 0:00:00]} e6 {[%emt 0:00:01]} 3. Nc3 {[%emt 0:00:01]} b6 {[%emt 0:00:02]} 4. e4 {[%emt 0:00:01]} Bb7 {[%emt 0:00:01]} 5. Nf3 {[%emt 0:00:01]} Be7 {[%emt 0:00:01]} 6. Be2 {[%emt 0:00:01]} h6 {[%emt 0:00:02]} 7. O-O {[%emt 0:00:01]} g5 {[%emt 0:00:01]} 8. h3 {[%emt 0:00:01]} Nf6 {[%emt 0:00:01]} 9. Qc2 {[%emt 0:00:01]} d5 {[%emt 0:00:03]} 10. cxd5 {[%emt 0:00:01]} exd5 {[%emt 0:00:02]} 11. e5 {[%emt 0:00:01]} Ne4 {[%emt 0:00:03]} 12. Bd3 {[%emt 0:00:01]} Nxf2 {[%emt 0:00:03]} 13. Rxf2 {[%emt 0:00:01]} Nd7 {[%emt 0:00:04]} 14. Nh2 {[%emt 0:00:01]} a5 {[%emt 0:00:04]} 15. Bg6 {[%emt 0:00:02]} Rf8 {[%emt 0:00:04]} 16. Ng4 {[%emt 0:00:03]} Nxe5 {[%emt 0:00:06]} 17. Nxe5 {[%emt 0:00:02]} Qd6 {[%emt 0:00:02]} 18. Bxf7+ {[%emt 0:00:02]} Rxf7 {[%emt 0:00:02]} 19. Nxf7 {[%emt 0:00:01]} Qd7 {[%emt 0:00:04]} 20. Qh7 {[%emt 0:00:02]} Bf8 {[%emt 0:00:09]} 21. Qg6 {[%emt 0:00:03]} Qxf7 {[%emt 0:00:01]} 22. Qxf7+ {[%emt 0:00:01] TimeB TimeB TimeB} 1-0

[Event "417 Stay Safe Play From Home series"]
[Site "Emanuel Lasker Arena"]
[Date "2020.08.28"]
[Round "9"]
[White "GMONIK"]
[Black "IceQueen"]
[Result "0-1"]
[WhiteElo "1817"]
[BlackElo "2410"]
[PlyCount "98"]
[EventDate "2020.08.28"]
[EventType "swiss (blitz)"]

1. e4 {[%emt 0:00:01]} c5 {[%emt 0:00:01]} 2. Nf3 {[%emt 0:00:02]} Nc6 {[%emt 0:00:01]} 3. d4 {[%emt 0:00:00]} cxd4 {[%emt 0:00:00]} 4. Nxd4 {[%emt 0:00:00]} Nf6 {[%emt 0:00:00]} 5. Nxc6 {[%emt 0:00:00]} bxc6 {[%emt 0:00:01]} 6. e5 {[%emt 0:00:01]} Qa5+ {[%emt 0:00:02]} 7. Bd2 {[%emt 0:00:02]} Qxe5+ {[%emt 0:00:00]} 8. Qe2 {[%emt 0:00:01]} Qxe2+ {[%emt 0:00:01]} 9. Bxe2 {[%emt 0:00:01]} d5 {[%emt 0:00:00]} 10. Nc3 {[%emt 0:00:01]} e5 {[%emt 0:00:01]} 11. O-O-O {[%emt 0:00:01]} Bd6 {[%emt 0:00:02]} 12. g3 {[%emt 0:00:01]} O-O {[%emt 0:00:01]} 13. f4 {[%emt 0:00:00]} e4 {[%emt 0:00:01]} 14. Rde1 {[%emt 0:00:06]} Bg4 {[%emt 0:00:01]} 15. Bxg4 {[%emt 0:00:01]} Nxg4 {[%emt 0:00:00]} 16. Be3 {[%emt 0:00:00]} Nxe3 {[%emt 0:00:01]} 17. Rxe3 {[%emt 0:00:01]} Rab8 {[%emt 0:00:01]} 18. Ne2 {[%emt 0:00:02]} Bc5 {[%emt 0:00:01]} 19. Rb3 {[%emt 0:00:01]} a5 {[%emt 0:00:01]} 20. Rxb8 {[%emt 0:00:01]} Rxb8 {[%emt 0:00:00]} 21. c3 {[%emt 0:00:00]} f5 {[%emt 0:00:02]} 22. Nd4 {[%emt 0:00:00]} Bxd4 {[%emt 0:00:01]} 23. cxd4 {[%emt 0:00:00]} Rb4 {[%emt 0:00:00]} 24. Rd1 {[%emt 0:00:02]} Kf7 {[%emt 0:00:00]} 25. a3 {[%emt 0:00:00]} Rb5 {[%emt 0:00:01]} 26. Kc2 {[%emt 0:00:01]} Ke6 {[%emt 0:00:01]} 27. Kc3 {[%emt 0:00:00]} a4 {[%emt 0:00:01]} 28. Rb1 {[%emt 0:00:03]} Rb3+ {[%emt 0:00:01]} 29. Kc2 {[%emt 0:00:03]} c5 {[%emt 0:00:02]} 30. Rd1 {[%emt 0:00:02]} Kd6 {[%emt 0:00:05]} 31. dxc5+ {[%emt 0:00:05]} Kxc5 {[%emt 0:00:00]} 32. Rg1 {[%emt 0:00:03]} Rf3 {[%emt 0:00:03]} 33. h3 {[%emt 0:00:01]} d4 {[%emt 0:00:01]} 34. g4 {[%emt 0:00:00]} Rf2+ {[%emt 0:00:01]} 35. Kc1 {[%emt 0:00:02]} fxg4 {[%emt 0:00:01]} 36. hxg4 {[%emt 0:00:02]} e3 {[%emt 0:00:01]} 37. f5 {[%emt 0:00:01]} d3 {[%emt 0:00:01]} 38. Re1 {[%emt 0:00:01]} d2+ {[%emt 0:00:02]} 39. Kd1 {[%emt 0:00:00]} dxe1=Q+ {[%emt 0:00:00]} 40. Kxe1 {[%emt 0:00:00]} Rxb2 {[%emt 0:00:01]} 41. g5 {[%emt 0:00:01]} Kd4 {[%emt 0:00:01]} 42. f6 {[%emt 0:00:00]} Kd3 {[%emt 0:00:00]} 43. Kf1 {[%emt 0:00:02]} e2+ {[%emt 0:00:01]} 44. Kf2 {[%emt 0:00:01]} Rb1 {[%emt 0:00:01]} 45. fxg7 {[%emt 0:00:00]} e1=Q+ {[%emt 0:00:00]} 46. Kf3 {[%emt 0:00:01]} Qe4+ {[%emt 0:00:01]} 47. Kg3 {[%emt 0:00:01]} Rg1+ {[%emt 0:00:01]} 48. Kh3 {[%emt 0:00:01]} Qg4+ {[%emt 0:00:01]} 49. Kh2 {[%emt 0:00:01]} Qg3# {[%emt 0:00:00] (Lag: Av=0.36s, max=1.0s) (Lag: Av=0.36s, max=1.0s) (Lag: Av=0.36s, max=1.0s)} 0-1

[Event "417 Stay Safe Play From Home series"]
[Site "Emanuel Lasker Arena"]
[Date "2020.08.28"]
[Round "9"]
[White "Leopart"]
[Black "Tran Minh Thang"]
[Result "0-1"]
[WhiteElo "1572"]
[BlackElo "2447"]
[PlyCount "62"]
[EventDate "2020.08.28"]
[EventType "swiss (blitz)"]

1. b4 {[%emt 0:00:01]} a5 {[%emt 0:00:02]} 2. b5 {[%emt 0:00:02]} b6 {[%emt 0:00:00]} 3. a4 {[%emt 0:00:02]} Bb7 {[%emt 0:00:00]} 4. Bb2 {[%emt 0:00:01]} Nf6 {[%emt 0:00:00]} 5. Nf3 {[%emt 0:00:01]} e6 {[%emt 0:00:00]} 6. g3 {[%emt 0:00:01]} Bxf3 {[%emt 0:00:01]} 7. exf3 {[%emt 0:00:02]} d5 {[%emt 0:00:00]} 8. Bg2 {[%emt 0:00:01]} Nbd7 {[%emt 0:00:00]} 9. O-O {[%emt 0:00:01]} Bd6 {[%emt 0:00:00]} 10. f4 {[%emt 0:00:01]} O-O {[%emt 0:00:00]} 11. d3 {[%emt 0:00:01]} Re8 {[%emt 0:00:01]} 12. c4 {[%emt 0:00:01]} Rc8 {[%emt 0:00:02]} 13. Nc3 {[%emt 0:00:01]} d4 {[%emt 0:00:02]} 14. Ne4 {[%emt 0:00:02]} Nxe4 {[%emt 0:00:00]} 15. Bxe4 {[%emt 0:00:01]} Bc5 {[%emt 0:00:00]} 16. h4 {[%emt 0:00:03]} f5 {[%emt 0:00:01]} 17. Bg2 {[%emt 0:00:02]} e5 {[%emt 0:00:00]} 18. fxe5 {[%emt 0:00:02]} Nxe5 {[%emt 0:00:00]} 19. Qd2 {[%emt 0:00:02]} Qf6 {[%emt 0:00:02]} 20. Bd5+ {[%emt 0:00:03]} Kh8 {[%emt 0:00:01]} 21. Rae1 {[%emt 0:00:03]} Rcd8 {[%emt 0:00:00]} 22. Qe2 {[%emt 0:00:03]} Bb4 {[%emt 0:00:02]} 23. Rd1 {[%emt 0:00:03]} Nxc4 {[%emt 0:00:01]} 24. dxc4 {[%emt 0:00:02]} Rxe2 {[%emt 0:00:01]} 25. Kg2 {[%emt 0:00:03]} f4 {[%emt 0:00:01]} 26. Rd3 {[%emt 0:00:05]} Rxb2 {[%emt 0:00:02]} 27. Rf3 {[%emt 0:00:02]} fxg3 {[%emt 0:00:02]} 28. Rxg3 {[%emt 0:00:01]} Rf8 {[%emt 0:00:01]} 29. h5 {[%emt 0:00:05]} Rxf2+ {[%emt 0:00:02]} 30. Rxf2 {[%emt 0:00:01]} Qxf2+ {[%emt 0:00:00]} 31. Kh3 {[%emt 0:00:01]} Be1 {[%emt 0:00:00] Zeit Zeit Zeit (Lag: Av=0.58s, max=1.0s) (Lag: Av=0.58s, max=1.0s) (Lag: Av=0.58s, max=1.0s)} 0-1